College Algebra. (Record no. 3952)

MARC details
005 - DATE AND TIME OF LATEST TRANSACTION
control field 20250613085123.0
020 ## - INTERNATIONAL STANDARD BOOK NUMBER
International Standard Book Number 0-13-143092-2
082 ## - DEWEY DECIMAL CLASSIFICATION NUMBER
Classification number 512.9SUL
100 ## - MAIN ENTRY--PERSONAL NAME
Author name SULLIVAN. M.
245 ## - TITLE STATEMENT
Title College Algebra.
250 ## - EDITION STATEMENT
Edition statement 7th Ed.
260 ## - PUBLICATION, DISTRIBUTION, ETC.
Place of publication, distribution, etc. New York,
Name of publisher, distributor, etc. SULLIVAN. M,
Date of publication, distribution, etc. 2005.
300 ## - PHYSICAL DESCRIPTION
Extent xix, 723p, ill, table, figure,picture
Other physical details Appendix & Index
Dimensions 26cm
942 ## - ADDED ENTRY ELEMENTS (KOHA)
Source of classification or shelving scheme Dewey Decimal Classification
Koha item type Books
Holdings
Date last seen Total checkouts Full call number Barcode Cost, replacement price Price effective from Koha item type Lost status Source of classification or shelving scheme Damaged status Not for loan Withdrawn status Home library Current library Shelving location Date acquired Cost, normal purchase price
06/13/2025   512.9SUL DOM000821 225000.00 06/13/2025 Books   Dewey Decimal Classification       CBE Dodoma CBE Dodoma General Collection 05/26/2016 75000.00
06/13/2025   512.9SUL DOM000820 225000.00 06/13/2025 Books   Dewey Decimal Classification       CBE Dodoma CBE Dodoma General Collection 05/26/2016 75000.00
06/13/2025   512.9SUL DOM000824 225000.00 06/13/2025 Books   Dewey Decimal Classification       CBE Dodoma CBE Dodoma General Collection 05/26/2016 75000.00
06/13/2025   512.9SUL DOM000823 225000.00 06/13/2025 Books   Dewey Decimal Classification       CBE Dodoma CBE Dodoma General Collection 05/26/2016 75000.00